Statistics for Countries with a Similar Shape #3

Click here to take the quiz!

General Stats

  • This quiz has been taken 117 times
  • The average score is 5 of 6

Answer Stats

Country % Correct
Cuba
97%
Panama
91%
Gambia
85%
Jamaica
68%
East Timor
65%
Samoa
44%

Score Distribution

Percentile by Number Answered

Percent of People with Each Score

Your Score History

You have not taken this quiz